The Adenosine Receptors

This book traces the history of adenosine receptor research from molecular biology to medicinal chemistry to behavior, including their implications in disease and potential strategies as therapeutic targets. It provides the reader with a comprehensive overview of the adenosine receptors that include...

Πλήρης περιγραφή

Λεπτομέρειες βιβλιογραφικής εγγραφής
Συγγραφή απο Οργανισμό/Αρχή: SpringerLink (Online service)
Άλλοι συγγραφείς: Borea, Pier Andrea (Επιμελητής έκδοσης, http://id.loc.gov/vocabulary/relators/edt), Varani, Katia (Επιμελητής έκδοσης, http://id.loc.gov/vocabulary/relators/edt), Gessi, Stefania (Επιμελητής έκδοσης, http://id.loc.gov/vocabulary/relators/edt), Merighi, Stefania (Επιμελητής έκδοσης, http://id.loc.gov/vocabulary/relators/edt), Vincenzi, Fabrizio (Επιμελητής έκδοσης, http://id.loc.gov/vocabulary/relators/edt)
Μορφή: Ηλεκτρονική πηγή Ηλ. βιβλίο
Γλώσσα:English
Έκδοση: Cham : Springer International Publishing : Imprint: Humana, 2018.
Έκδοση:1st ed. 2018.
Σειρά:The Receptors, 34
Θέματα:
Διαθέσιμο Online:Full Text via HEAL-Link
LEADER 04235nam a2200505 4500
001 978-3-319-90808-3
003 DE-He213
005 20190617193204.0
007 cr nn 008mamaa
008 180728s2018 gw | s |||| 0|eng d
020 |a 9783319908083  |9 978-3-319-90808-3 
024 7 |a 10.1007/978-3-319-90808-3  |2 doi 
040 |d GrThAP 
050 4 |a QP356.3 
072 7 |a MJN  |2 bicssc 
072 7 |a MED057000  |2 bisacsh 
072 7 |a MKJ  |2 thema 
082 0 4 |a 612.8042  |2 23 
245 1 4 |a The Adenosine Receptors  |h [electronic resource] /  |c edited by Pier Andrea Borea, Katia Varani, Stefania Gessi, Stefania Merighi, Fabrizio Vincenzi. 
250 |a 1st ed. 2018. 
264 1 |a Cham :  |b Springer International Publishing :  |b Imprint: Humana,  |c 2018. 
300 |a XX, 593 p. 71 illus., 29 illus. in color.  |b online resource. 
336 |a text  |b txt  |2 rdacontent 
337 |a computer  |b c  |2 rdamedia 
338 |a online resource  |b cr  |2 rdacarrier 
347 |a text file  |b PDF  |2 rda 
490 1 |a The Receptors,  |x 1048-6909 ;  |v 34 
505 0 |a Purinergic signalling: an historical overview -- Regulation of extracellular adenosine -- Adenosine receptors: structure, distribution and signal transduction -- Binding thermodynamic characteristics of adenosine receptor ligands -- A1 adenosine receptor agonists, antagonists and allosteric modulators -- A2A adenosine receptor: structure, function and medicinal chemistry -- Medicinal chemistry of A2B adenosine receptors -- A3 adenosine receptor: medicinal chemistry of orthosteric and allosteric ligands and structural probing -- Adenosine Receptors and Neuroinflammation -- Adenosine receptors as paradigm to identify dimer/oligomers of G-protein-coupled receptors and as targets in Parkinson's disease -- Adenosine receptors in Alzheimer's disease -- What is the role of adenosine receptors in Huntington Disease? -- Adenosine receptors: a novel target for homeostatic control of cognition -- Role of Adenosine Receptors in Epileptic Seizures -- Adenosine signaling in brain Ischemia -- Adenosine and traumatic brain injury -- Adenosine and its receptors in pain -- Adenosine signalling in the injured heart -- Adenosine receptors in the lungs -- Adenosine and renal function in health and disease -- Adenosine regulation of the immune system -- Adenosine receptors regulate skeletal biology -- Adenosine receptors in gestational diabetes mellitus and obesity -- Adenosine receptors: current research and their involvement in cancer -- Adenosine receptors as a biological pathway for pulsed electromagnetic fields. 
520 |a This book traces the history of adenosine receptor research from molecular biology to medicinal chemistry to behavior, including their implications in disease and potential strategies as therapeutic targets. It provides the reader with a comprehensive overview of the adenosine receptors that includes information on all subtypes - A1, A2A, A2B and A3. Aspects addressed include the most up to date information on their functional distribution in the nervous and peripheral systems, behavioral roles in inflammation, cancer, pain and neurological diseases such as Huntington's disease, Epilepsy, Parkinson's disease and Alzheimer's disease. 
650 0 |a Neurochemistry. 
650 1 4 |a Neurochemistry.  |0 http://scigraph.springernature.com/things/product-market-codes/B18010 
700 1 |a Borea, Pier Andrea.  |e editor.  |4 edt  |4 http://id.loc.gov/vocabulary/relators/edt 
700 1 |a Varani, Katia.  |e editor.  |4 edt  |4 http://id.loc.gov/vocabulary/relators/edt 
700 1 |a Gessi, Stefania.  |e editor.  |4 edt  |4 http://id.loc.gov/vocabulary/relators/edt 
700 1 |a Merighi, Stefania.  |e editor.  |4 edt  |4 http://id.loc.gov/vocabulary/relators/edt 
700 1 |a Vincenzi, Fabrizio.  |e editor.  |4 edt  |4 http://id.loc.gov/vocabulary/relators/edt 
710 2 |a SpringerLink (Online service) 
773 0 |t Springer eBooks 
776 0 8 |i Printed edition:  |z 9783319908076 
776 0 8 |i Printed edition:  |z 9783319908090 
776 0 8 |i Printed edition:  |z 9783030081065 
830 0 |a The Receptors,  |x 1048-6909 ;  |v 34 
856 4 0 |u https://doi.org/10.1007/978-3-319-90808-3  |z Full Text via HEAL-Link 
912 |a ZDB-2-SBL 
950 |a Biomedical and Life Sciences (Springer-11642)